Learning in two languages : from conflict to consensus in the reorganization of schools
Αποθηκεύτηκε σε:
| Άλλοι συγγραφείς: | |
|---|---|
| Μορφή: | Βιβλίο |
| Γλώσσα: | English |
| Δημοσίευση: |
New Brunswick :
Transaction Publishers,
1990
|
| Θέματα: | |
| Ετικέτες: |
Προσθήκη ετικέτας
Δεν υπάρχουν, Καταχωρήστε ετικέτα πρώτοι!
|
MARC
| LEADER | 00000nam a2200000 i 4500 | ||
|---|---|---|---|
| 001 | 1/85575 | ||
| 008 | 990701s1990 eng d | ||
| 020 | |a 0-88738-319-X | ||
| 035 | |l 10051875 | ||
| 040 | |a GR-MY-UA |b gre |e aacr | ||
| 041 | 0 | |a eng | |
| 082 | 0 | |a 371.9700973 | |
| 245 | 1 | 0 | |a Learning in two languages : |b from conflict to consensus in the reorganization of schools / |c edited by Gary Imhoff |
| 260 | |a New Brunswick : |b Transaction Publishers, |c 1990 | ||
| 300 | |a 306 p. | ||
| 650 | 0 | 0 | |a Education, Bilingual |z United States |x Congresses. |
| 650 | 0 | 0 | |a Multicultural education |z United States |x Congresses. |
| 650 | 0 | 0 | |a Language policy |z United States |x Congresses. |
| 650 | 0 | 0 | |a Minorities |x Education |z United States |x Congresses. |
| 700 | 1 | |a Imhoff, Gary. |4 edt | |
| 852 | |a INST |b RHODES |e 19990701 |h 371.9700973 LEA |p 005400014626 |q 005400014626 |t BK |y 0 | ||
| 901 | |a BIBL4-1999-2 | ||
| 909 | |a Ρ |b 066127 | ||
| 922 | |a 4ΕΛΗ |b 199906 |c ΚΠΣ/154 |d LEADER | ||
| 970 | |a ΚΟΥΛΙΑΚΙΩΤΗ |b ΕΥΑΓΓΕΛΙΑ |z 1999/07/01 | ||